LIBRARY & INFORMATION CENTRE, KCAET, TAVANUR

ONLINE PUBLIC ACCESS CATALOGUE (OPAC)

PERFORMANCE EVALUATION OF RAINHOSE IRRIGATION SYSTEM (Record no. 17602)

MARC details
000 -LEADER
fixed length control field 00414nam a22001337a 4500
003 - CONTROL NUMBER IDENTIFIER
control field OSt
082 ## - DEWEY DECIMAL CLASSIFICATION NUMBER
Classification number 630
088 ## - REPORT NUMBER
Report number P546
100 ## - MAIN ENTRY--AUTHOR NAME
Personal name ANU MOHAN, S
-- HASHIFA, P
-- MUHAMMED MISBAH, P
-- NAJA RAHMAN, K
245 ## - TITLE STATEMENT
Title PERFORMANCE EVALUATION OF RAINHOSE IRRIGATION SYSTEM
260 ## - PUBLICATION, DISTRIBUTION, ETC. (IMPRINT)
Place of publication Thavanur
Year of publication 2022
700 ## - ADDED ENTRY--PERSONAL NAME
Personal name Dr Sajeena S
942 ## - ADDED ENTRY ELEMENTS (KOHA)
Koha item type Project Report
260 ## - PUBLICATION, DISTRIBUTION, ETC. (IMPRINT)
-- Kelappaji College of Agricultural Engineering and Technology
Holdings
Collection code Home library Current library Shelving location Full call number Accession Number Koha item type
Reference KAUAET KAUAET Reference1 630 P546 Project Report
free website counter